[Event "Airthings Masters Play In"]
[Site "Chess.com INT"]
[Date "2023.02.03"]
[Round "1"]
[White "Har Zvi, Ronen"]
[Black "Paravyan, David"]
[Result "1-0"]
[WhiteElo "2513"]
[BlackElo "2586"]
[PlyCount "85"]
[EventDate "2023.02.03"]
[EventType "swiss (rapid)"]
[EventRounds "9"]
[EventCountry "USA"]
[SourceTitle "CBM 212 Extra"]
[Source "ChessBase"]
[SourceDate "2023.03.31"]
[SourceVersion "1"]
[SourceVersionDate "2023.03.31"]
[SourceQuality "1"]

1. Nf3 Nf6 2. c4 c5 3. Nc3 Nc6 4. e3 e5 5. d4 e4 6. Ne5 h5 7. Be2 Bd6 8. f4 Bc7 9. 0-0 cxd4 10. exd4 d6 11. Nxc6 bxc6 12. f5 d5 13. Bf4 Bxf4 14. Rxf4 Qd6 15. Qd2 Rb8 16. Raf1 Qb4 17. b3 h4 18. Qe1 h3 19. g4 Nh7 20. cxd5 cxd5 21. Qg3 Qxd4+ 22. Kh1 0-0 23. Rd1 Qc5 24. Nxd5 Bb7 25. Qe3 Qxe3 26. Nxe3 Rfd8 27. Rff1 Ng5 28. Kg1 a5 29. Kf2 Bc6 30. Rxd8+ Rxd8 31. Rc1 Be8 32. Rd1 Rb8 33. Nd5 Kf8 34. Ke3 Bc6 35. Nc3 f6 36. Rd6 Rc8 37. Ba6 Ke7 38. Rd4 Rb8 39. Bc4 Nf3 40. Rd1 Nxh2 41. Kf4 Nf3 42. Nxe4 Bxe4 43. Kxe4 1-0

[Event "Airthings Masters Play In"]
[Site "Chess.com INT"]
[Date "2023.02.03"]
[Round "2"]
[White "Yu, Yangyi"]
[Black "Har Zvi, Ronen"]
[Result "1-0"]
[WhiteElo "2729"]
[BlackElo "2513"]
[PlyCount "101"]
[EventDate "2023.02.03"]
[EventType "swiss (rapid)"]
[EventRounds "9"]
[EventCountry "USA"]
[SourceTitle "CBM 212 Extra"]
[Source "ChessBase"]
[SourceDate "2023.03.31"]
[SourceVersion "1"]
[SourceVersionDate "2023.03.31"]
[SourceQuality "1"]

1. Nf3 d5 2. g3 Nf6 3. Bg2 c6 4. 0-0 Bf5 5. d3 e6 6. Nh4 Bg4 7. h3 Bh5 8. Qe1 Nfd7 9. f4 Be7 10. Nf3 Bxf3 11. Bxf3 0-0 12. e4 Na6 13. Nc3 Bf6 14. e5 Be7 15. Ne2 Nb4 16. Qd1 c5 17. c3 Nc6 18. Be3 Rc8 19. Kg2 Kh8 20. h4 f6 21. d4 cxd4 22. Nxd4 Nxd4 23. cxd4 f5 24. h5 Nb8 25. g4 Qb6 26. gxf5 Rxf5 27. Bg4 Rff8 28. Qb3 Qa6 29. Rf2 Nc6 30. Be2 Qa5 31. Qxb7 Bh4 32. Rf3 Ne7 33. Qa6 Qb4 34. Qb5 Qxb5 35. Bxb5 Nf5 36. Bg1 Rc2+ 37. Kh3 Rxb2 38. Bd7 Rb6 39. Rb3 Ra6 40. Rc1 Kg8 41. Bc8 Rxc8 42. Rxc8+ Kf7 43. Rc2 Bd8 44. Rb7+ Be7 45. Kg4 Ra3 46. Rb3 Ra4 47. Bf2 Bd8 48. Rb7+ Be7 49. Rcc7 Ra3 50. Rxe7+ Kf8 51. Rf7+ 1-0

[Event "Titled Tuesday intern op 15th Nov Late"]
[Site "Chess.com INT"]
[Date "2022.11.15"]
[Round "9"]
[White "Har Zvi, Ronen"]
[Black "Mendonca, Mateus Nakajo"]
[Result "1-0"]
[WhiteElo "2513"]
[BlackElo "2410"]
[PlyCount "101"]
[EventDate "2022.11.15"]
[EventType "swiss (blitz)"]
[EventRounds "11"]
[EventCountry "USA"]
[SourceTitle "CBM 211 Extra"]
[Source "ChessBase"]
[SourceDate "2023.01.31"]
[SourceVersion "1"]
[SourceVersionDate "2023.01.31"]
[SourceQuality "1"]

1. Nf3 d5 2. c4 e6 3. d4 c6 4. Bg5 Qa5+ 5. Nbd2 dxc4 6. a4 Nd7 7. e3 Ngf6 8. Bxf6 Nxf6 9. Bxc4 Ne4 10. 0-0 Nxd2 11. Nxd2 Bb4 12. Ne4 0-0 13. Qb3 Bd7 14. Rac1 Qb6 15. Rfd1 a5 16. Nc5 Rfd8 17. Nxd7 Rxd7 18. Qc2 Rad8 19. Qe4 c5 20. d5 exd5 21. Rxd5 Rxd5 22. Bxd5 Qf6 23. Rd1 g6 24. b3 b6 25. g3 Kg7 26. Kg2 Rd7 27. Rd3 Re7 28. Qf3 Rd7 29. Qd1 Qe5 30. Bc4 Rxd3 31. Qxd3 Qf6 32. Qd7 Bc3 33. f4 Kf8 34. Kf3 Qe7 35. Qd5 Kg7 36. g4 Bb2 37. g5 Bc3 38. h4 h5 39. e4 Bd4 40. Qc6 Qd8 41. Qb7 Qe8 42. e5 Bc3 43. e6 Kf8 44. exf7 Qd8 45. Bd5 Bd4 46. Ke4 Qe7+ 47. Qxe7+ Kxe7 48. f5 Kf8 49. fxg6 Bf2 50. Kf5 Bxh4 51. Kf6 1-0

[Event "Titled Tuesday intern op 18th Oct Late"]
[Site "Chess.com INT"]
[Date "2022.10.18"]
[Round "2"]
[White "Har Zvi, Ronen"]
[Black "Hnydiuk, Aleksander"]
[Result "1-0"]
[WhiteElo "2513"]
[BlackElo "2361"]
[PlyCount "43"]
[EventDate "2022.10.18"]
[EventType "swiss (blitz)"]
[EventRounds "11"]
[EventCountry "USA"]
[SourceTitle "EXT 2024"]
[Source "ChessBase"]
[SourceDate "2023.10.10"]
[SourceVersion "1"]
[SourceVersionDate "2023.10.10"]
[SourceQuality "1"]

1. Nf3 d5 2. d4 Nf6 3. Bf4 c5 4. e3 cxd4 5. exd4 Bg4 6. Nbd2 e6 7. h3 Bh5 8. Bxb8 Qxb8 9. Bb5+ Kd8 10. 0-0 Bd6 11. Bd3 Ke7 12. c3 Rc8 13. Re1 Kf8 14. a4 Qc7 15. Qb3 Nd7 16. Bxh7 Bxf3 17. Nxf3 g6 18. Bxg6 fxg6 19. Rxe6 Qb6 20. Qxd5 Rc6 21. Ng5 Be7 22. Rxc6 1-0

[Event "Titled Tuesday intern op 18th Oct Late"]
[Site "Chess.com INT"]
[Date "2022.10.18"]
[Round "1"]
[White "Huber, Benedikt"]
[Black "Har Zvi, Ronen"]
[Result "0-1"]
[WhiteElo "2299"]
[BlackElo "2513"]
[PlyCount "30"]
[EventDate "2022.10.18"]
[EventType "swiss (blitz)"]
[EventRounds "11"]
[EventCountry "USA"]
[SourceTitle "EXT 2024"]
[Source "ChessBase"]
[SourceDate "2023.10.10"]
[SourceVersion "1"]
[SourceVersionDate "2023.10.10"]
[SourceQuality "1"]

1. d4 d5 2. Nc3 Nf6 3. Bf4 c5 4. e4 Nxe4 5. Nxe4 dxe4 6. dxc5 Qa5+ 7. c3 Qxc5 8. Qa4+ Nc6 9. Qxe4 g6 10. Nf3 Bg7 11. Be2 Bxc3+ 12. Kf1 Bxb2 13. Rd1 Bf5 14. Qa4 0-0 15. h3 Bc2 0-1

[Event "Titled Tuesday intern op 11th Oct Late"]
[Site "Chess.com INT"]
[Date "2022.10.11"]
[Round "10"]
[White "Har Zvi, Ronen"]
[Black "Gonzalez, Francisco Silva"]
[Result "1-0"]
[WhiteElo "2513"]
[BlackElo "2037"]
[PlyCount "79"]
[EventDate "2022.10.11"]
[EventType "swiss (blitz)"]
[EventRounds "11"]
[EventCountry "USA"]
[SourceTitle "EXT 2024"]
[Source "ChessBase"]
[SourceDate "2023.10.10"]
[SourceVersion "1"]
[SourceVersionDate "2023.10.10"]
[SourceQuality "1"]

1. Nf3 d5 2. c4 e6 3. d4 a6 4. Nc3 Nf6 5. cxd5 exd5 6. Bg5 Be6 7. Qb3 Nbd7 8. e3 Bd6 9. Bd3 0-0 10. Qxb7 Rb8 11. Qxa6 Rxb2 12. 0-0 Qe7 13. Nb5 Nb8 14. Qa7 Nc6 15. Qa4 Rb4 16. Qc2 Na5 17. Bxh7+ Nxh7 18. Bxe7 Bxe7 19. Qxc7 Bd8 20. Qc5 Rc4 21. Qa3 Bd7 22. Nc3 Nf6 23. Ne5 Rxc3 24. Qxc3 Ne4 25. Qc2 Bf5 26. Rfc1 f6 27. Nc6 Ng3 28. Qd1 Nxc6 29. Rxc6 Ne4 30. Rac1 Ba5 31. Qb3 Rd8 32. h3 Kh7 33. a4 Bg6 34. Rc8 Rd7 35. Qb5 Ra7 36. Qb8 Bf5 37. Rh8+ Kg6 38. Qxa7 Bd2 39. Rc7 Bb4 40. Rxg7# 1-0

[Event "Titled Tuesday intern op 12th Jul Early"]
[Site "Chess.com INT"]
[Date "2022.07.12"]
[Round "1"]
[White "Silva Lucena, Cristian"]
[Black "Har Zvi, Ronen"]
[Result "0-1"]
[WhiteElo "2212"]
[BlackElo "2513"]
[PlyCount "76"]
[EventDate "2022.07.12"]
[EventType "swiss (blitz)"]
[EventRounds "11"]
[EventCountry "USA"]
[SourceTitle "EXT 2023"]
[Source "ChessBase"]
[SourceDate "2022.10.05"]
[SourceVersion "1"]
[SourceVersionDate "2022.10.05"]
[SourceQuality "1"]

1. e4 c6 2. d4 d5 3. e5 Bf5 4. h4 h6 5. g4 Be4 6. f3 Bh7 7. Bd3 Bxd3 8. Qxd3 e6 9. h5 c5 10. c3 Nc6 11. a3 Qb6 12. Ne2 Rc8 13. 0-0 cxd4 14. cxd4 Nxe5 15. Qe3 Nc4 16. Qc3 Nf6 17. Nd2 Be7 18. Nxc4 dxc4 19. Kg2 Nd5 20. Qc2 Bf6 21. Rd1 Qb3 22. Qxb3 cxb3 23. Bd2 Rc2 24. Rac1 Rxb2 25. Rc8+ Bd8 26. Kf1 0-0 27. Nc3 Rc2 28. Ke2 Bg5 29. Rxf8+ Kxf8 30. Nxd5 exd5 31. Kd3 Rxd2+ 32. Rxd2 Bxd2 33. Kxd2 b5 34. Kc3 a5 35. Kxb3 Ke7 36. f4 g6 37. g5 gxh5 38. gxh6 Kf8 0-1

[Event "Titled Tuesday intern op 07th Jun Early"]
[Site "Chess.com INT"]
[Date "2022.06.07"]
[Round "1"]
[White "Garagulya, Konstantin"]
[Black "Har Zvi, Ronen"]
[Result "0-1"]
[WhiteElo "2389"]
[BlackElo "2513"]
[PlyCount "52"]
[EventDate "2022.06.07"]
[EventType "swiss (blitz)"]
[EventRounds "11"]
[EventCountry "USA"]
[SourceTitle "CBM 208 Extra"]
[Source "ChessBase"]
[SourceDate "2022.07.31"]
[SourceVersion "1"]
[SourceVersionDate "2022.07.31"]
[SourceQuality "1"]

1. d4 d5 2. Nf3 c6 3. c4 Nf6 4. Qc2 dxc4 5. Qxc4 Bg4 6. Nbd2 Nbd7 7. e3 e6 8. Bd3 Bd6 9. 0-0 0-0 10. b3 e5 11. Bb2 Bxf3 12. gxf3 exd4 13. Bxd4 Ne5 14. Bxe5 Bxe5 15. Rad1 Nd5 16. f4 Bf6 17. Ne4 Qe7 18. Nxf6+ Qxf6 19. Be4 Nc3 20. Rd3 Nxa2 21. b4 Qe6 22. Qxe6 fxe6 23. Rb3 Rfd8 24. Ra1 Rd2 25. Bb1 Nc1 26. Be4 Nxb3 0-1

[Event "Speed Chess GP3"]
[Site "Chess.com INT"]
[Date "2021.10.02"]
[Round "6"]
[White "Abdusattorov, Nodirbek"]
[Black "Har Zvi, Ronen"]
[Result "1-0"]
[WhiteElo "2646"]
[BlackElo "2513"]
[PlyCount "99"]
[EventDate "2021.10.02"]
[EventType "swiss (blitz)"]
[EventRounds "10"]
[EventCountry "USA"]
[SourceTitle "CBM 204 Extra"]
[Source "ChessBase"]
[SourceDate "2021.11.30"]
[SourceVersion "1"]
[SourceVersionDate "2021.11.30"]
[SourceQuality "1"]

1. Nf3 d5 2. b3 Bg4 3. Bb2 c6 4. e3 Nd7 5. Be2 Ngf6 6. 0-0 e6 7. Ne5 Bxe2 8. Qxe2 Nxe5 9. Bxe5 Bd6 10. f4 0-0 11. Bb2 Qe7 12. Nc3 e5 13. fxe5 Bxe5 14. Rf5 Qd6 15. g3 d4 16. Nd1 Rfe8 17. e4 Bxg3 18. Rxf6 Bxh2+ 19. Qxh2 Qxf6 20. Nf2 Re5 21. d3 Rg5+ 22. Kf1 c5 23. Ke2 Qg6 24. Rh1 f5 25. Bc1 Rg2 26. Qh5 Qxh5+ 27. Rxh5 fxe4 28. Kf1 Rg3 29. Nxe4 Rf8+ 30. Nf2 b6 31. Bd2 g6 32. Re5 Rgf3 33. Re2 Rg3 34. Bh6 Rf5 35. Ke1 Rg1+ 36. Kd2 Rg2 37. Ne4 Rxe2+ 38. Kxe2 Rh5 39. Bf4 Rh1 40. Bb8 a5 41. Bc7 Kf7 42. Bxb6 Rh2+ 43. Nf2 Ke6 44. Bxc5 Kd5 45. Bb6 Ke6 46. Bxd4 Kd5 47. Bb6 Rg2 48. Bxa5 Kd4 49. c4 Rg5 50. Bb6+ 1-0

[Event "Titled Tuesday intern op 20th July"]
[Site "Chess.com INT"]
[Date "2021.07.20"]
[Round "1"]
[White "Estrada Nieto, Julian"]
[Black "Har Zvi, Ronen"]
[Result "0-1"]
[WhiteElo "2280"]
[BlackElo "2513"]
[PlyCount "88"]
[EventDate "2021.07.20"]
[EventType "swiss (blitz)"]
[EventRounds "11"]
[EventCountry "USA"]
[SourceTitle "CBM 203 Extra"]
[Source "ChessBase"]
[SourceDate "2021.09.30"]
[SourceVersion "1"]
[SourceVersionDate "2021.09.30"]
[SourceQuality "1"]

1. e4 c6 2. c4 d5 3. cxd5 cxd5 4. exd5 Nf6 5. Qa4+ Nbd7 6. Nc3 g6 7. Bc4 Bg7 8. d3 0-0 9. Be3 a6 10. Qa3 Rb8 11. Ba7 Ra8 12. Be3 b6 13. Nf3 Bb7 14. 0-0 b5 15. Bb3 Re8 16. Rfe1 Nb6 17. Bxb6 Qxb6 18. Qb4 Qd8 19. a4 Nxd5 20. Nxd5 Bxd5 21. axb5 Bxf3 22. gxf3 a5 23. Qe4 e6 24. Ra2 Qg5+ 25. Kh1 Rad8 26. f4 Qc5 27. Kg2 Rd4 28. Qc6 Qe7 29. Rxa5 Red8 30. Ra8 Rxf4 31. Rxd8+ Qxd8 32. Ra1 Qg5+ 33. Kf1 Bd4 34. Qg2 Rxf2+ 35. Qxf2 Bxf2 36. Kxf2 Qxb5 37. Ra3 Qe5 38. Ra8+ Kg7 39. Bc4 Qxb2+ 40. Ke3 Qe5+ 41. Kd2 Qxh2+ 42. Kc3 Qe5+ 43. Kb4 h5 44. Ra7 Qb8+ 0-1

[Event "Titled Tuesday intern op 13th July"]
[Site "Chess.com INT"]
[Date "2021.07.13"]
[Round "9"]
[White "Har Zvi, Ronen"]
[Black "Shapiro, Daniel E"]
[Result "1-0"]
[WhiteElo "2513"]
[BlackElo "2284"]
[PlyCount "47"]
[EventDate "2021.07.13"]
[EventType "swiss (blitz)"]
[EventRounds "11"]
[EventCountry "USA"]
[SourceTitle "CBM 203 Extra"]
[Source "ChessBase"]
[SourceDate "2021.09.30"]
[SourceVersion "1"]
[SourceVersionDate "2021.09.30"]
[SourceQuality "1"]

1. Nf3 c5 2. c4 Nf6 3. Nc3 d5 4. e3 Nc6 5. d4 cxd4 6. exd4 g6 7. cxd5 Nxd5 8. Qb3 Nxc3 9. Bc4 e6 10. bxc3 Bg7 11. Ba3 Bf8 12. Bb5 Bd7 13. 0-0 Bxa3 14. Qxa3 Qe7 15. Qc1 0-0 16. Re1 Rac8 17. d5 Nb4 18. Bxd7 Qxd7 19. dxe6 fxe6 20. Ne5 Qa4 21. Nxg6 hxg6 22. Qg5 Nc2 23. Qxg6+ Kh8 24. Re5 1-0

[Event "Titled Tuesday intern op 13th July"]
[Site "Chess.com INT"]
[Date "2021.07.13"]
[Round "2"]
[White "Har Zvi, Ronen"]
[Black "Vine, Elzbieta"]
[Result "1-0"]
[WhiteElo "2513"]
[BlackElo "2138"]
[PlyCount "61"]
[EventDate "2021.07.13"]
[EventType "swiss (blitz)"]
[EventRounds "11"]
[EventCountry "USA"]
[SourceTitle "CBM 203 Extra"]
[Source "ChessBase"]
[SourceDate "2021.09.30"]
[SourceVersion "1"]
[SourceVersionDate "2021.09.30"]
[SourceQuality "1"]

1. e4 c5 2. Nf3 Nc6 3. c3 d5 4. exd5 Qxd5 5. d4 Bg4 6. Be2 e6 7. Be3 cxd4 8. cxd4 Bb4+ 9. Nc3 Bxc3+ 10. bxc3 Nf6 11. h3 Bf5 12. 0-0 0-0 13. Qb3 Qe4 14. Nd2 Qh4 15. Qxb7 Rac8 16. Nf3 Qe4 17. Rfe1 Rb8 18. Qa6 Rb6 19. Qa4 Nh5 20. Nd2 Qh4 21. Nf3 Qe4 22. Qd1 Ng3 23. Bc4 Bxh3 24. fxg3 Rb2 25. gxh3 h5 26. Bd3 Qd5 27. c4 Qa5 28. Re2 Rxe2 29. Qxe2 Nb4 30. Bd2 h4 31. a3 1-0

[Event "Titled Tuesday intern op 15th June"]
[Site "Chess.com INT"]
[Date "2021.06.15"]
[Round "5"]
[White "Andreikin, Dmitry"]
[Black "Har Zvi, Ronen"]
[Result "1/2-1/2"]
[WhiteElo "2724"]
[BlackElo "2513"]
[PlyCount "99"]
[EventDate "2021.06.15"]
[EventType "swiss (blitz)"]
[EventRounds "11"]
[EventCountry "USA"]
[SourceTitle "CBM 203 Extra"]
[Source "ChessBase"]
[SourceDate "2021.09.30"]
[SourceVersion "1"]
[SourceVersionDate "2021.09.30"]
[SourceQuality "1"]

1. d4 d5 2. c4 c6 3. cxd5 cxd5 4. Bg5 Nc6 5. Nc3 Nf6 6. Bxf6 gxf6 7. e3 f5 8. Nge2 e6 9. Nf4 Bd6 10. Bb5 Bd7 11. 0-0 Qf6 12. Bxc6 Bxc6 13. Rc1 0-0 14. Nce2 Bb5 15. Re1 Bxe2 16. Rxe2 Rfc8 17. Rec2 Qd8 18. g3 Bxf4 19. exf4 Rxc2 20. Qxc2 Qd7 21. Qc7 Rd8 22. Kg2 f6 23. Rc3 Kf7 24. Qa5 b6 25. Qa6 Rb8 26. a4 Rb7 27. a5 bxa5 28. Qxa5 Kg6 29. b3 Rb5 30. Qa2 Qb7 31. Qc2 Qb6 32. Rc8 Qb7 33. Rc7 Qb6 34. Rd7 Qb8 35. Qc6 Rb6 36. Qc5 Rb7 37. Rd6 Rb5 38. Qa3 Rxb3 39. Qc5 Rb5 40. Qa3 Rb1 41. Rxe6 Qb5 42. Kh3 Qf1+ 43. Kh4 Qg2 44. h3 Rh1 45. Rxf6+ Kxf6 46. Qd6+ Kf7 47. Qd7+ Kf6 48. Qd6+ Kf7 49. Qd7+ Kf6 50. Qd6+ 1/2-1/2

[Event "Titled Tuesday intern op 15th June"]
[Site "Chess.com INT"]
[Date "2021.06.15"]
[Round "2"]
[White "Har Zvi, Ronen"]
[Black "Jakubowski, Krzysztof"]
[Result "1-0"]
[WhiteElo "2513"]
[BlackElo "2497"]
[PlyCount "63"]
[EventDate "2021.06.15"]
[EventType "swiss (blitz)"]
[EventRounds "11"]
[EventCountry "USA"]
[SourceTitle "CBM 203 Extra"]
[Source "ChessBase"]
[SourceDate "2021.09.30"]
[SourceVersion "1"]
[SourceVersionDate "2021.09.30"]
[SourceQuality "1"]

1. Nf3 Nf6 2. c4 e6 3. Nc3 d5 4. d4 Nbd7 5. Bf4 dxc4 6. e3 Nd5 7. Bxc4 Nxf4 8. exf4 Nb6 9. Bb3 g6 10. Qe2 Bg7 11. Rd1 0-0 12. h4 a5 13. a3 a4 14. Ba2 Nd5 15. g3 Nxc3 16. bxc3 Qd6 17. h5 Qxa3 18. hxg6 hxg6 19. Ng5 Qxc3+ 20. Kf1 Ra6 21. f5 Qc6 22. d5 exd5 23. Bxd5 Qf6 24. Nxf7 Rxf7 25. Qe8+ Bf8 26. Bxf7+ Qxf7 27. Rh8+ Kg7 28. Rh7+ Kxh7 29. Qxf7+ Bg7 30. Rd8 Bxf5 31. Rg8 Bd3+ 32. Kg1 1-0

[Event "Titled Tuesday intern op 15th June"]
[Site "Chess.com INT"]
[Date "2021.06.15"]
[Round "10"]
[White "Har Zvi, Ronen"]
[Black "Shahaliyev, Ismayil Bahram"]
[Result "1-0"]
[WhiteElo "2513"]
[BlackElo "2413"]
[PlyCount "39"]
[EventDate "2021.06.15"]
[EventType "swiss (blitz)"]
[EventRounds "11"]
[EventCountry "USA"]
[SourceTitle "CBM 203 Extra"]
[Source "ChessBase"]
[SourceDate "2021.09.30"]
[SourceVersion "1"]
[SourceVersionDate "2021.09.30"]
[SourceQuality "1"]

1. Nf3 d5 2. d4 Nf6 3. Bf4 Bf5 4. e3 e6 5. c4 c6 6. Nc3 Nbd7 7. h3 Bb4 8. Qb3 Qa5 9. Be2 Ne4 10. Rc1 dxc4 11. Bxc4 Nb6 12. 0-0 Nxc4 13. Nxe4 Bxe4 14. Rxc4 Bxf3 15. gxf3 Bd2 16. Rd1 b5 17. Rxc6 0-0 18. Bc7 Qb4 19. Qc2 Be1 20. Bd6 1-0

[Event "Titled Tuesday intern op 15th June"]
[Site "Chess.com INT"]
[Date "2021.06.15"]
[Round "9"]
[White "Ozen, Bahadir"]
[Black "Har Zvi, Ronen"]
[Result "0-1"]
[WhiteElo "2369"]
[BlackElo "2513"]
[PlyCount "69"]
[EventDate "2021.06.15"]
[EventType "swiss (blitz)"]
[EventRounds "11"]
[EventCountry "USA"]
[SourceTitle "CBM 203 Extra"]
[Source "ChessBase"]
[SourceDate "2021.09.30"]
[SourceVersion "1"]
[SourceVersionDate "2021.09.30"]
[SourceQuality "1"]

1. Nf3 d5 2. e3 c6 3. c4 Nf6 4. Nc3 a6 5. Qc2 Bg4 6. Ne5 Be6 7. cxd5 cxd5 8. d4 g6 9. Be2 Bg7 10. 0-0 0-0 11. Bd2 Nbd7 12. Nf3 b5 13. Rac1 Nb6 14. b3 b4 15. Na4 Nxa4 16. bxa4 a5 17. Bb5 Ne4 18. Qb2 Bd7 19. a3 Bxb5 20. axb5 Qd7 21. Rc6 Nd6 22. a4 Nc4 23. Qc2 Rfc8 24. Rxc8+ Rxc8 25. Rc1 Nb6 26. Qb1 Rxc1+ 27. Qxc1 Nxa4 28. Qc2 Nb6 29. Qc5 Qd8 30. Be1 e6 31. Nd2 Bf8 32. Qc6 a4 33. Nb1 a3 34. Qc2 Qd7 35. Qxg6+ 0-1

[Event "Titled Tuesday intern op 03rd Nov"]
[Site "Chess.com INT"]
[Date "2020.11.03"]
[Round "2"]
[White "Ajay, Karthikeyan"]
[Black "Har Zvi, Ronen"]
[Result "0-1"]
[WhiteElo "2315"]
[BlackElo "2513"]
[PlyCount "104"]
[EventDate "2020.11.03"]
[EventType "swiss (blitz)"]
[EventRounds "11"]
[EventCountry "USA"]
[SourceTitle "CBM 199 Extra"]
[Source "ChessBase"]
[SourceDate "2021.01.31"]
[SourceVersion "1"]
[SourceVersionDate "2021.01.31"]
[SourceQuality "1"]

1. d4 d5 2. Bf4 Nf6 3. e3 c5 4. Nf3 Nc6 5. Nbd2 cxd4 6. exd4 Bf5 7. c3 e6 8. h3 Bd6 9. Bxd6 Qxd6 10. Be2 0-0 11. 0-0 Rfe8 12. Re1 h6 13. Nf1 Nd7 14. Ne3 Bg6 15. Rc1 Rab8 16. Bf1 a6 17. Qd2 Be4 18. Qd1 b5 19. Bd3 Bxd3 20. Qxd3 Nf6 21. a3 Na5 22. Ne5 Nc4 23. N3xc4 bxc4 24. Qc2 Rb7 25. Rb1 Reb8 26. Re2 Nd7 27. Nxd7 Qxd7 28. g3 Rb3 29. h4 Qb7 30. Kg2 Rxa3 31. g4 Rb3 32. g5 Qe7 33. f4 a5 34. Ra1 Qb7 35. Ra2 h5 36. g6 Qe7 37. Kg3 Qf6 38. gxf7+ Qxf7 39. Rxa5 Rxb2 40. Qxb2 Qg6+ 41. Kf2 Rxb2 42. Rxb2 Qe4 43. Rb7 Qxf4+ 44. Kg2 Qg4+ 45. Kf1 Qf3+ 46. Kg1 Qxc3 47. Raa7 Qxd4+ 48. Kg2 Qg4+ 49. Kf2 Qxh4+ 50. Ke3 Qe4+ 51. Kd2 Qd4+ 52. Kc2 h4 0-1